000 00719nam a22001577a 4500
003 OSt
005 20210319150139.0
008 151006b xxu||||| |||| 00| 0 eng d
040 _cRUA
082 _aAVM SAR 2000 B072 Or.1
100 _92190
_aSAR, SEILA.
245 _aEpidemiology of gasstrointestinal parasites in cattle in Sa Ang district of Kandal province, ការសិក្សាអំពីកំរិតរាលដាល នៃជំងឺបង្កឡើងដោយប៉ារ៉ាស៊ីតខាងក្នុងរបស់គោ នៅស្រុកស្អាង ខេត្តកណ្តាល
260 _aPhnom Penh
_bRUA
_c2000
300 _aix; 64p.
_bill.
_c29cm.
942 _2ddc
_cAVM
999 _c2061
_d2061